00185nam a2200073Ia 4500008004100000100001900041245002900060260002200089190216s9999||||xx |||||||||||||| ||und|| aKrishna Pillai 0aSamudra Janthu Vinjaanam bKerala Basha Inst